000 00393nam a2200157Ia 4500
008 151213s9999 xx 000 0 und d
100 _aA, S, Collins
245 _aTreasury of Modern Poetry
_cA, S, Collins
250 _a1st
260 _aLondon
_bUniversity Tutorial Press LTD
_c1947
300 _a4571 p.
650 _aEnglish
650 _aPoem
700 _aA, S, Collins
999 _c2945
_d2945